000 00728nam a2200241Ia 4500
003 OSt
005 20220925230734.0
006 a|||||r|||| 00| 0
007 ta
008 220923b |||||||| |||| 00| 0 eng d
037 _cGeneral Book
040 _aRTL
_cRTL
_beng
041 _2eng
_aeng
082 _aY15:4.6.N7, M2
100 _aAbdalla Raoiya Haji Dualeh
_9294228
245 0 _aSisters in Affliction
_b Circumcision and infibulati
260 _aLondon
_bZed Press
_c1982
300 _aii,122p
_ccm.
500 _aBibliography: p 119-122; Appendix: p 105-116
650 _aWomen Sociology
942 _hY15:4.6.N7, M2
_cGB
_2CC
999 _c586451
_d586451